Planning hurdles to lower? (Record no. 118277)

MARC details
000 -LEADER
fixed length control field 00850cam a2200241 4500
001 - CONTROL NUMBER
control field ABS68477
008 - FIXED-LENGTH DATA ELEMENTS--GENERAL INFORMATION
fixed length control field 041108n2004 000 0 eng u
035 ## - SYSTEM CONTROL NUMBER
System control number (Sirsi) u127919
100 ## - MAIN ENTRY--PERSONAL NAME
Personal name Cousins, D.
245 ## - TITLE STATEMENT
Title Planning hurdles to lower?
260 ## - PUBLICATION, DISTRIBUTION, ETC.
Date of publication, distribution, etc. 2004
490 ## - SERIES STATEMENT
Series statement Farmers' Weekly
Volume/sequential designation 141(17) 22 October 2004, 64(1)
520 ## - SUMMARY, ETC.
Summary, etc. In a question and answer format, sets out how new guidance from government should make it easier for farmers to get planning permission for converting redundant farm buildings to non-farming use. Explains how PPS7 may end mixed messages from different government departments.
590 ## - LOCAL NOTE (RLIN)
Local note ABS
590 ## - LOCAL NOTE (RLIN)
Local note ABS
650 ## - SUBJECT ADDED ENTRY--TOPICAL TERM
Topical term or geographic name entry element PPS7
650 ## - SUBJECT ADDED ENTRY--TOPICAL TERM
Topical term or geographic name entry element PLANNING PERMISSION
650 ## - SUBJECT ADDED ENTRY--TOPICAL TERM
Topical term or geographic name entry element FARM DIVERSIFICATION
650 ## - SUBJECT ADDED ENTRY--TOPICAL TERM
Topical term or geographic name entry element FARM BUILDINGS
650 ## - SUBJECT ADDED ENTRY--TOPICAL TERM
Topical term or geographic name entry element CONVERSIONS
690 ## - LOCAL SUBJECT ADDED ENTRY--TOPICAL TERM (OCLC, RLIN)
Topical term or geographic name as entry element RURAL
9 (RLIN) 6268
942 ## - ADDED ENTRY ELEMENTS (KOHA)
Suppress in OPAC 0
Holdings
Withdrawn status Lost status Source of classification or shelving scheme Damaged status Not for loan Home library Current library Shelving location Date acquired Total Checkouts Full call number Barcode Date last seen Copy number Price effective from Koha item type
    Dewey Decimal Classification     London London Journal article 08/11/2004   ABS68477 127919-1001 06/08/2019 1 06/08/2019 Journal article